Statistics for Five/Six Nations - 50 or more games

Click here to take the quiz!

General Stats

  • This quiz has been taken 64 times
    (13 since last reset)
  • The average score is 12 of 21

Answer Stats

GamesCountryPositionPlayer% Correct
69ItalyMidfield BackSergio Parisse
100%
65IrelandMidfield BackBrian O'Driscoll
90%
51IrelandLockPaul O'Connell
90%
64IrelandHookerRory Best
90%
54EnglandPropJason Leonard
80%
60ItalyPropMartin Castrogiovanni
80%
50WalesInside BackStephen Jones
80%
53ScotlandOutside BackChris Paterson
70%
56WalesPropGethin Jenkins
70%
54IrelandPropJohn Hayes
70%
51WalesFlankerMartyn WIlliams
70%
63IrelandInside BackRonan O'Gara
70%
50EnglandWingRory Underwood
70%
50FranceMidfield BackPhillipe Sella
50%
53WalesLockAlun-Wyn Jones
30%
55ScotlandHookerRoss Ford
30%
53IrelandLockWillie John McBride
10%
52ItalyLoose ForwardAlessandro Zanni
0%
53ItalyHookerLeonardo Ghiraldini
0%
50ItalyLockMarco Bortolami
0%
56IrelandMidfield BackMike Gibson
0%

Score Distribution

Percentile by Number Answered

Percent of People with Each Score

Your Score History

You have not taken this quiz since the last reset